00422nam a2200121Ia 4500008004100000020001600041050002400057100002000081245007000101260004400171300003900215650004600254150223s9999 xx 000 0 und d a18858216044 aD 811.5b.N558 1998 aNewsome, J.R.M. aWar experiences of a koyli officer:b1940- 1946 /cJ.R.m Newsome. aDurham:bThe Pentland Press Ltd.,c1998 a129 pages :bIllustration;c21 cm. a168 OCTU- commisioned as a 2/Lt in KOYLI.